Small animal clinical techniques / (Record no. 2408)

MARC details
000 -LEADER
fixed length control field 00755cam a2200169 i 4500
008 - FIXED-LENGTH DATA ELEMENTS--GENERAL INFORMATION
fixed length control field 200226s2021 moua f 001 0 eng
020 ## - INTERNATIONAL STANDARD BOOK NUMBER
ISBN 9780323680271
100 1# - MAIN ENTRY--AUTHOR
Author Taylor, Susan M.,
245 10 - TITLE STATEMENT
Title Small animal clinical techniques /
Statement of responsibility, etc Susan M. Taylor, DVM, Diplomate ACVIM (Small Animal Internal Medicine), Professor Emeritus of Small Animal Medicine, Department of Small Animal Clinical Sciences, Western College of Veterinary Medicine, University of Saskatchewan, Saskatoon, Saskatchewan, Canada.
250 ## - EDITION STATEMENT
Edition statement Third edition.
260 ## - PUBLICATION, DISTRIBUTION, ETC. (IMPRINT)
Place of publication Missouri
Name of publisher Elsevier Ltd
Date of publication 2021
300 ## - COLLATION
Pagination x, 309 pages :
Other physical details color illustrations ;
500 ## - GENERAL NOTE
General note Includes index.
650 #0 - TRACINGS
Main Subject Pet medicine
Subdivision (1st) Handbooks, manuals, etc.
942 ## - ADDED ENTRY ELEMENTS (KOHA)
Item type Books
050 00 - LIBRARY OF CONGRESS CALL NUMBER
Classification number SF981
Item number .T39 2021
Holdings
Source of classification or shelving scheme Not for loan Permanent location Current location Date acquired Accession No. Full call number Barcode. Koha item type
Library of Congress Classification   Samuel Ogbemudia Main Library, University of Abuja Samuel Ogbemudia Main Library, University of Abuja 03/18/2025 2024/63675 SF981.T39 2025-0673 Books